Sreemad Bhagavad Geeta/ (Record no. 178954)

000 -LEADER
fixed length control field 00370nam a22001577a 4500
082 ## - DEWEY DECIMAL CLASSIFICATION NUMBER
Classification number M 294.592 4
Item number VED/S
100 ## - MAIN ENTRY--AUTHOR NAME
Personal name Vedavyasa
245 ## - TITLE STATEMENT
Title Sreemad Bhagavad Geeta/
Statement of responsibility, etc by Vedavyasa
260 ## - PUBLICATION, DISTRIBUTION, ETC. (IMPRINT)
Place of publication Kollam:
Name of publisher Pavaneswar,
Year of publication 2011.
300 ## - PHYSICAL DESCRIPTION
Number of Pages 150p.
650 ## - SUBJECT ADDED ENTRY--TOPICAL TERM
Topical Term Bhagavad Gita
650 ## - SUBJECT ADDED ENTRY--TOPICAL TERM
Topical Term Vedic Literature
650 ## - SUBJECT ADDED ENTRY--TOPICAL TERM
Topical Term Hinduism
650 ## - SUBJECT ADDED ENTRY--TOPICAL TERM
Topical Term Religion
942 ## - ADDED ENTRY ELEMENTS (KOHA)
Koha item type Book
Holdings
Withdrawn status Lost status Damaged status Not for loan Permanent Location Current Location Shelving location Date acquired Cost, normal purchase price Full call number Accession Number Price effective from Koha item type
        Sree Sankaracharya University of Sanskrit Sree Sankaracharya University of Sanskrit Stacks 02.04.2025 70.00 M 294.592 4 VED/S 104613 02.04.2025 Book